00978nam a22001337a 4500020001800000082001900018100001900037245004100056260007100097300001000168504002500178520057900203650006200782 a9789384191665 a923.254bBAR-D aBaruah, Girish aDadhi Mahantab: a man of the masses aJorhatbCinnamara College Shakha Sahitya Sabha Aru Prakashanc2019 a122p. aInclude Bibliography aThis book bears the teaching of one of the experts in communist ideology. He was not only a theoretician of the subject bust also practically experimented it in the social field. So those who are interested in communism and want to know the abc of it must read this book. It bears the ideology of a very erudite person of Marxist philosophy. He teaches both the theoretical and practical aspects of this philosophy. So the book will illumine the English knowing public in the matter of acquiring the knowledge of Marxism as well as communism as interpreted by Dadhi Mahanta. aPolitics and GovernmentvDadhi MahantavBiographyzIndia